书目信息 |
| 题名: |
酶工程
|
|
| 作者: | 罗贵民 主编 | |
| 分册: | ||
| 出版信息: | 北京 化学工业出版社 2002 |
|
| 页数: | 388页 | |
| 开本: | 26cm | |
| 丛书名: | 现代生物技术丛书 | |
| 单 册: | ||
| 中图分类: | Q814 | |
| 科图分类: | ||
| 主题词: | 工业发酵 | |
| 电子资源: | ||
| ISBN: | 7-5025-3704-X | |
| 000 | 00691nam2 2200241 45 | |
| 001 | 0404070992 | |
| 005 | 20040407101227.5 | |
| 010 | @a7-5025-3704-X@dCNY50.00 | |
| 100 | @a20040407d2002 km y0chiy0120 ea | |
| 101 | 0 | @achi |
| 105 | @a z 000yy | |
| 200 | 1 | @a酶工程@AMei Gong Cheng@f罗贵民主编@FLuo Gui Min Zhu Bian |
| 210 | @a北京@c化学工业出版社@d2002 | |
| 215 | @a388页@d26cm | |
| 225 | @a现代生物技术丛书@f焦瑞身主编 | |
| 300 | @a“十五”国家重点图书 | |
| 410 | @12001 @a现代生物技术丛书 | |
| 410 | @1700 0@a焦瑞身@AJiao Rui Shen@4主编 | |
| 606 | 0 | @a工业发酵 |
| 690 | @aQ814@v4 | |
| 701 | 0 | @a罗贵民@4主编 |
| 801 | @aCN@bTSTC@c20040407 | |
| 905 | @b330998-999@dQ814@e45@f2 | |
| 酶工程/罗贵民主编.-北京:化学工业出版社,2002 |
| 388页;26cm.-(现代生物技术丛书/焦瑞身主编) |
| “十五”国家重点图书 |
| ISBN 7-5025-3704-X:CNY50.00 |
| ● |
| 相关链接 |
|
|
|
|
正题名:酶工程
索取号:Q814/45
 
预约/预借
| 序号 | 登录号 | 条形码 | 馆藏地/架位号 | 状态 | 备注 |
| 1 | 0330998 | 203309981 | 第三借阅区/ [索取号:Q814/45] | 在馆 | |
| 2 | 0330999 | 203309990 | 第二样本阅览室/ [索取号:Q814/45] | 在馆 |